000 00541nam a22001937a 4500
005 20250715155614.0
008 250715b |||||||| |||| 00| 0 eng d
020 _a978-14737-2539-3
050 _aHB 172 .M36 2017
_b109211
100 _aMANKIW,GREGORY N.
245 _aMICROECONOMICS
250 _a4TH EDITION
260 _aLONDON
_bANNABEL AINSCOW
_c2018
300 _aIII-423P.
500 _aIT HAS BIBLIOGRAPHY INCLUDING GLOSSARY,INDEX AND LIST OF FORMULAS
650 _aECONOMICS
700 _aTAYLOR MARK P.
942 _2lcc
_cBK
999 _c215896
_d215896